Creative drama for the classroom teacher
Αποθηκεύτηκε σε:
| Κύριος συγγραφέας: | |
|---|---|
| Μορφή: | Βιβλίο |
| Γλώσσα: | English |
| Δημοσίευση: |
Englewood Cliffs,N.J. :
Prentice Hall,
1993
|
| Έκδοση: | 4th ed. |
| Θέματα: | |
| Ετικέτες: |
Προσθήκη ετικέτας
Δεν υπάρχουν, Καταχωρήστε ετικέτα πρώτοι!
|
MARC
| LEADER | 00000nam a2200000 i 4500 | ||
|---|---|---|---|
| 001 | 1/84165 | ||
| 008 | 990622s1993 eng d | ||
| 020 | |a 0-13-189663-6 | ||
| 035 | |l 10051541 | ||
| 040 | |a GR-MY-UA |b gre |e aacr | ||
| 041 | 0 | |a eng | |
| 082 | 0 | |a 372.66 | |
| 100 | 1 | |a Heinig, Ruth Beall |d 1936- | |
| 245 | 1 | 0 | |a Creative drama for the classroom teacher / |c Ruth Beall Heinig |
| 250 | |a 4th ed. | ||
| 260 | |a Englewood Cliffs,N.J. : |b Prentice Hall, |c 1993 | ||
| 300 | |a 312 p. | ||
| 650 | 0 | 0 | |a Drama in education. |
| 852 | |a INST |b RHODES |e 19990622 |h 372.66 HEI |p 005400014723 |q 005400014723 |t BK |y 0 | ||
| 901 | |a BIBL4-1999-2 | ||
| 909 | |a Ρ |b 066271 |c 1999 | ||
| 922 | |a 4ΕΛΗ |b 199906 |c ΚΠΣ/154 |d LEADER | ||
| 970 | |a ΤΕΡΝΕΖΗΣ |b ΧΡΗΣΤΟΣ |z 19990622 | ||